The girl who drank the moon

محفوظ في:
التفاصيل البيبلوغرافية
المؤلف الرئيسي: Barnhill, Kelly Regan
التنسيق: كتاب
اللغة:Undetermined
منشور في: Chapel Hill, North Carolina Algonquin Young Readers 2016
الموضوعات:
الوسوم: إضافة وسم
لا توجد وسوم, كن أول من يضع وسما على هذه التسجيلة!
Thư viện lưu trữ: Trung tâm Học liệu Trường Đại học Cần Thơ
LEADER 00505nam a2200181Ia 4500
001 CTU_226581
008 210402s9999 xx 000 0 und d
082 |a 813.6 
082 |b B262 
100 |a Barnhill, Kelly Regan 
245 4 |a The girl who drank the moon 
245 0 |c Kelly Barnhill 
260 |a Chapel Hill, North Carolina 
260 |b Algonquin Young Readers 
260 |c 2016 
650 |a Phù thủy,Witches 
910 |b nthai 
980 |a Trung tâm Học liệu Trường Đại học Cần Thơ